|
|
|
|
| LEADER |
01054nam a2200253 a 4500 |
| 001 |
13020783 |
| 008 |
091230s2002 bg a b 000 0 eng d |
| 010 |
|
|
|a \\2002291054
|
| 020 |
|
|
|a 9848229248
|
| 040 |
|
|
|a DLC
|c DLC
|d BD-DhAAL
|
| 082 |
0 |
0 |
|a 330.9/549/205
|2 21
|
| 100 |
1 |
|
|a Husain, Saadat,
|d 1946-
|
| 245 |
1 |
0 |
|a Issues in training and development /
|c Saadat Husain.
|
| 260 |
|
|
|a Dhaka :
|b New Age Publications,
|c 2002.
|
| 300 |
|
|
|a 191 p. :
|b ill. ;
|c 22 cm.
|
| 520 |
|
|
|a Articles on socio-economic conditions and the role of training in governance in Bangladesh.
|
| 504 |
|
|
|a Includes bibliographical references.
|
| 541 |
1 |
|
|e 00010847
|
| 651 |
|
0 |
|a Bangladesh
|x Economic conditions.
|
| 651 |
|
0 |
|a Bangladesh
|x Social conditions.
|
| 651 |
|
0 |
|a Bangladesh
|x Politics and government.
|
| 852 |
4 |
|
|a Ayesha Abed Library
|j General shelf
|
| 999 |
|
|
|c 6537
|d 6537
|
| 952 |
|
|
|0 0
|1 0
|2 ddc
|4 0
|6 330_954920500000000_HUS_2002
|7 0
|9 6641
|a BRACUL
|b BRACUL
|c GEN
|d 2009-12-30
|g 0.00
|l 0
|o 330.9549205 HUS
|p 3010010847
|r 2009-12-30
|t 1
|w 2009-12-30
|y BK
|x No price found in the accession register.
|